000 00814nam a2200253 4500
003 CO-ViMGA
020 _a9789588756431
040 _aCO-ViMGA
_bspa
_cCO-ViMGA
082 0 4 _aR591.7
_bF17e
100 1 _aFarndon, John.
_95810
245 1 0 _aLa enciclopedia de los hábitats /
_cJohn Farndon;
250 _a2a.ed.
260 _aColombia :
_bPanamericana,
_c2012.
300 _a160 p. :
_bil. ; 24 cm.
500 _aIncluye índice.
534 _tThe wild life atlas.
650 1 4 _aEcología animal - Enciclopedias.
_95812
650 1 4 _aHabitat ( Ecología ) - Enciclopedias.
_95811
650 1 4 _aRecursos naturales - Enciclopedias.
_95814
650 1 4 _aSelva tropical - Enciclopedias.
_95813
700 1 _aAntram, David.
_d1958,
_eil.
_95815
700 1 _aEsguerra, María Patricia,
_etr.
_95816
942 _cREF
_2ddc
999 _c3757
_d3757